<?xml version="1.0" encoding="UTF-8"?>
<record
    xmlns:xsi="http://www.w3.org/2001/XMLSchema-instance"
    xsi:schemaLocation="http://www.loc.gov/MARC21/slim http://www.loc.gov/standards/marcxml/schema/MARC21slim.xsd"
    xmlns="http://www.loc.gov/MARC21/slim">

  <leader>00815nab a2200205uuc4500</leader>
  <controlfield tag="001">1392258</controlfield>
  <controlfield tag="005">20240202120627.0</controlfield>
  <controlfield tag="008">141118e20140905                    spa  </controlfield>
  <datafield tag="035" ind1=" " ind2=" ">
    <subfield code="a">1392258</subfield>
  </datafield>
  <datafield tag="040" ind1=" " ind2=" ">
    <subfield code="c">comduadb</subfield>
  </datafield>
  <datafield tag="041" ind1=" " ind2=" ">
    <subfield code="a">spa</subfield>
  </datafield>
  <datafield tag="100" ind1="1" ind2="0">
    <subfield code="a">Rodriguez Olarte, Douglas</subfield>
    <subfield code="4">aut</subfield>
    <subfield code="e">aut</subfield>
    <subfield code="9">413541</subfield>
  </datafield>
  <datafield tag="245" ind1="1" ind2="0">
    <subfield code="a">Gradientes, estabilidad y estado de conservaci&#xF3;n de peces en la cuenca alta del r&#xED;o Turbio, vertiente andina del Orinoco, Venezuela</subfield>
  </datafield>
  <datafield tag="650" ind1=" " ind2=" ">
    <subfield code="a">Comunidades de peces</subfield>
    <subfield code="9">29468</subfield>
  </datafield>
  <datafield tag="650" ind1=" " ind2=" ">
    <subfield code="a">Venezuela - Aspectos ambientales</subfield>
    <subfield code="9">212039</subfield>
  </datafield>
  <datafield tag="650" ind1=" " ind2=" ">
    <subfield code="a">Recursos hidricos - Venezuela</subfield>
    <subfield code="9">213719</subfield>
  </datafield>
  <datafield tag="700" ind1="1" ind2="0">
    <subfield code="a">Barrios G&#xF3;mez, Margenny</subfield>
    <subfield code="4">aut</subfield>
    <subfield code="e">aut</subfield>
    <subfield code="9">688022</subfield>
  </datafield>
  <datafield tag="773" ind1="0" ind2=" ">
    <subfield code="t">Revista de Biolog&#xED;a Tropical (San Jos&#xE9;)</subfield>
    <subfield code="g">Volumen 62, N&#xFA;mero 03, Septiembre 2014, 987-996</subfield>
    <subfield code="w">104773</subfield>
    <subfield code="x">0034-7744</subfield>
    <subfield code="0">91049</subfield>
  </datafield>
  <datafield tag="942" ind1=" " ind2=" ">
    <subfield code="c">ARIMP</subfield>
  </datafield>
  <datafield tag="999" ind1=" " ind2=" ">
    <subfield code="c">702238</subfield>
    <subfield code="d">702238</subfield>
  </datafield>
</record>
